000 00282nam a2200121Ia 4500
005 20251222144828.0
008 251222s9999||||xx |||||||||||||| ||spa||
082 _a658.402/B24
100 _aBarbachán Palacios, Luis
245 0 _aReingenieria:
264 _bCINSEYT
942 _cLIB
999 _c20751
_d20751